000 01442nam a2200409 i 4500
001 13575
003 KOSZ 005
005 20220824101118.0
008 070814s1970 pl f 001 0 pol
015 _aPB 1970/7317
035 _a(OCoLC)830233261
040 _aWA N
_cWA N
_dKOSZ 005/EG
_dKOSZ 005/HR
041 0 _apol
046 _k1970
080 _a55
080 _a(438)
245 0 0 _aBudowa geologiczna Polski.
_nT. 2,
_pKatalog skamieniałości.
_nCz. 2,
_pMezozoik /
_caut. Wanda Bielecka [et al.] ; red. nacz. Jan Czermiński ; Instytut Geologiczny.
246 3 0 _aKatalog skamieniałości.
246 3 0 _aMezozoik.
260 _aWarszawa :
_bWydawnictwa Geologiczne,
_c1970.
300 _a254 strony, [7] kart, tablice ;
_c23 cm.
336 _2rdacontent
_aTekst
_btxt
337 _2rdamedia
_aBez urządzenia pośredniczącego
_bn
338 _2rdacarrier
_aWolumin
_bnc
380 _aKsiążki.
388 _a1945-1989
_a1901-2000
504 _aBibliografia na stronach 164-177. Indeks.
658 _aGeografia i nauki o Ziemi
651 4 _aPolska
650 4 _aPaleontologia
655 4 _aKatalog
700 1 _aCzermiński, Jan
_d(1923-1976)
_eRedakcja
700 1 _aBielecka, Wanda
_eAutor
710 2 _aWydawnictwa Geologiczne
_4pbl.
856 _uhttp://koha.tu.koszalin.pl/cgi-bin/koha/opac-detail.pl?biblionumber=13575
_yKatalog online BPK
942 _2UKD
_cKS
999 _c13575
_d13575